El análisis transaccional (recopilación) /

Guardado en:
Autor Principal: Giardino, Rita
Formato: Libro
Publicado: Argentina : Del Autor, 2005
Materias:
Etiquetas: Agregar Etiqueta
Sin Etiquetas, Sea el primero en etiquetar este registro!
LEADER 00576nam a22001935a 4500
001 CEM.cems013329
005 20100414143110.0
008 130507s2005##################000#0#####d
003 CEMS
082 0 4 |a F150 
100 1 |a Giardino, Rita 
245 1 0 |a El análisis transaccional (recopilación) /  |c Rita Giardino 
260 |a Argentina :  |b Del Autor,  |c 2005 
300 |a 11 p. 
500 |a Tomado de: www.ritagiardino.com.ar 
653 |a Psicología 
653 |a Analisis transaccional 
653 |a Psicología humanista 
859 |a CEMS  |b BIB. CEMS - 11 de abril  |h F150  |i 1-4  |p 2233.44  |t Ej.1